Communes de la Petite Couronne de Paris - Statistiques

Statistiques générales
  • Ce quiz a été pris 2 928 fois
  • Le résultat moyen est 63 sur 124
Réponses sur la Carte
Les réponses sont colorées sur une échelle allant du rouge au vert en fonction du pourcentage des utilisateurs qui les ont devinées à leur premier essai. Vous pouvez retrouver ces pourcentages ci-dessous.
 
Statistiques - réponses
Commune Département % Correct
Paris 75
93%
Saint-Denis 93
91%
Boulogne-Billancourt 92
85%
Nanterre 92
85%
Vincennes 94
85%
Neuilly-sur-Seine 92
83%
Montreuil 93
81%
Aubervilliers 93
80%
Créteil 94
80%
Ivry-sur-Seine 94
79%
Levallois-Perret 92
79%
Saint-Ouen 93
79%
Issy-les-Moulineaux 92
78%
Montrouge 92
77%
Bobigny 93
75%
Pantin 93
74%
Antony 92
71%
Puteaux 92
71%
Colombes 92
70%
Les Lilas 93
70%
Malakoff 92
70%
Vitry-sur-Seine 94
70%
Vanves 92
69%
Asnières-sur-Seine 92
68%
Bagnolet 93
68%
Orly 94
68%
Saint-Mandé 94
68%
Gennevilliers 92
66%
Saint-Cloud 92
66%
Villejuif 94
66%
Aulnay-sous-bois 93
65%
Clichy-sous-bois 93
64%
Courbevoie 92
64%
La Courneuve 93
64%
Drancy 93
63%
Le Kremlin-Bicêtre 94
62%
Maisons-Alfort 94
62%
Rueil-Malmaison 92
62%
Arcueil 94
61%
Alfortville 94
60%
Clamart 92
60%
Suresnes 92
60%
Bagneux 92
59%
Bois-Colombes 92
59%
Bondy 93
59%
Noisy-le-Grand 93
59%
Gentilly 94
58%
Sevran 93
58%
Saint-Maur-des-Fosses 94
57%
Cachan 94
56%
Charenton-le-Pont 94
56%
Fontenay-sous-bois 94
56%
Meudon 92
56%
Noisy-le-Sec 93
56%
Le Pré-Saint-Gervais 93
55%
Nogent-sur-Marne 94
54%
Sceaux 92
53%
Sèvres 92
53%
Champigny-sur-marne 94
52%
Châtillon 92
52%
La Garenne-Colombes 92
51%
l'Haÿ-les-Roses 94
51%
Bourg-la-Reine 92
49%
Choisy-le-Roi 94
49%
Le Bourget 93
49%
Neuilly-sur-Marne 93
49%
Romainville 93
49%
Rosny-sous-bois 93
49%
Rungis 94
49%
Joinville-le-Pont 94
48%
Fontenay-aux-Roses 92
47%
L'Île-Saint-Denis 93
47%
Tremblay-en-France 93
47%
Le Blanc Mesnil 93
46%
Villepinte 93
46%
Clichy-la-Garenne 92
45%
Saint-Maurice 94
44%
Thiais 94
44%
Villeneuve-la-Garenne 92
44%
Le Raincy 93
43%
Stains 93
43%
Villeneuve-Saint-Georges 94
43%
Épinay-sur-Seine 93
42%
Neuilly-Plaisance 93
42%
Montfermeil 93
41%
Garches 92
40%
Chaville 92
39%
Fresnes 94
39%
Le-Plessis-Robinson 92
39%
Gagny 93
37%
Sucy-en-Brie 94
37%
Villemomble 93
37%
Villetaneuse 93
37%
Chatenay-Malabry 92
36%
Bry-sur-Marne 94
35%
Livry-Gargan 93
34%
Marnes-la-Coquette 92
34%
Le Perreux-sur-Marne 94
32%
Pierrefitte-sur-Seine 93
32%
Ville-d'Avray 92
32%
Vaucresson 92
31%
Boissy-Saint-Léger 94
30%
Bonneuil-sur-Marne 94
30%
Chevilly-Larue 94
30%
Dugny 93
30%
Les Pavillons-sous-bois 93
30%
Villiers-sur-Marne 94
29%
Valenton 94
28%
Villeneuve-le-Roi 94
27%
Le Plessis-Trévise 94
24%
La Queue-en-Brie 94
22%
Limeil-Brevannes 94
22%
Vaujours 93
21%
Chennevières-sur-Marne 94
20%
Coubron 93
20%
Gournay-sur-Marne 93
20%
Ablon-sur-Seine 94
18%
Ormesson-sur-Marne 94
18%
Villecresnes 94
17%
Noiseau 94
16%
Mandres-les-Roses 94
14%
Santeny 94
13%
Marolles-en-Brie 94
12%
Périgny 94
12%
Aucun quiz correspondant
Distribution des résultats
% des personnes avec chaque résultat
Percentile par nombre de réponses
Votre historique - résultats
Vous n’avez pas pris ce quiz